Postavenie žien a rodová rovnosť v diplomacii afrických krajín diplomová práca

Na minha lista:
Detalhes bibliográficos
Autor principal: Lomakina, Valeriia
Autor Corporativo: Fakulta medzinárodných vzťahov EU. Katedra medzinárodných ekonomických vzťahov a hospodárskej diplomacie
Outros Autores: Baleha, Andrianna, 1990-
Formato: Livro
Idioma:eslovaco
Publicado em: Bratislava 2025
Tags: Adicionar Tag
Sem tags, seja o primeiro a adicionar uma tag!

MARC

LEADER 00000nbm a2200000 4500
001 0309529
005 20260115134507.7
041 0 |a slo 
044 |a SK 
245 1 0 |a Postavenie žien a rodová rovnosť v diplomacii afrických krajín  |b diplomová práca  |c Valeriia Lomakina ; školiteľ: Andrianna Baleha 
264 1 |a Bratislava  |c 2025 
300 |a 70 s. 
100 1 |a Lomakina, Valeriia 
700 1 |a Baleha, Andrianna, 1990- 
710 2 |a Fakulta medzinárodných vzťahov EU. Katedra medzinárodných ekonomických vzťahov a hospodárskej diplomacie